00277nam a2200121Ia 4500008004100000100000900041245003000050260003300080300000800113650001000121942000700131999001700138190216s9999||||xx |||||||||||||| ||und|| aNull 0aHindi-Ham Bharath Ke Loga bPoomkavanam Books Publishers a144 aHindi cBK c15799d15799